000 00621nam a2200157 i 4500
001 184482
003 ES-MaACL
005 20230906222216.0
008 150911s1878 phl |||| | spa d
245 0 4 _aLas Islas Filipinas
_b: progresos en 70 años : estado a principios de este siglo, segun don Tomás de Comyn, y en 1878, segun el editor de la revista de Filipinas.
260 _aManila :
_b[s.n.],
_c1878 (
_fImp. de la Oceanía Española)
300 _aXII, 430 p. ;
_c19 cm.
651 4 _aFilipinas-
_xSituación económica-
_vHistoria.
_9157430
700 1 _aComyn, Tomás de.
_9157431
852 _aES-MaACL
_jG-11666
999 _c184482
_d184482